Detalles MARC
| 000 -LEADER |
| fixed length control field |
01796 am a2200529 a 4500 |
| 005 - FECHA ULTIMA MODIFICACION |
| control field |
20240531082403.0 |
| 008 - CAMPO DE CONTROL (LIBRO) |
| fixed length control field |
100707s2009||||sp a f |||| 001 0 spa d |
| 020 ## - INTERNATIONAL STANDARD BOOK NUMBER |
| ISBN |
9788480864633 |
| 041 ## - CODIGO DE IDIOMA |
| Código de idioma del texto/pista de sonido o título separado |
spa |
| 092 ## - SIGNATURA TOPOGRAFICA DEWEY LOCAL |
| número de clasificación |
616.15 |
| libristica |
77 |
| sección |
SAN |
| 100 1# - ENTRADA PRINCIPAL--NOMBRE PERSONAL |
| Nombre personal |
San Miguel, Jesús F. |
| 9 (RLIN) |
722 |
| 245 ## - TITULO PROPIAMENTE DICHO |
| Título |
Hematología. |
| Subtítulo y Título paralelo |
Manual básico razonado / |
| Mención de responsabilidad y remanente de la transcripción de la portada |
Jesús F. San Miguel |
| 250 ## - MENCION DE EDICION |
| Mención de edición |
3a ed. |
| 260 ## - PIE DE IMPRENTA |
| Lugar de publicación, distribución, etc |
Barcelona: |
| Nombre de la editorial, distribuidor, etc |
Elsevier; |
| Fecha de publicación |
2009. |
| 300 ## - DESCRIPCION FISICA |
| Extension |
284 p. |
| 500 ## - NOTA GENERAL |
| Nota general |
San Miguel, J. F. y Sánchez-Guijo, F. M. (2009). Hematología. Manual básico razonado. (3a ed.). Barcelona : Elsevier. |
| 590 ## - NOTAS LOCALES (RLIN) |
| Nota local |
Compra FACIMED Feb. 2011. |
| 653 ## - TÉRMINO INDIZADO - PALABRAS CLAVES |
| Palabra clave |
Hematopoyesis |
| 653 ## - TÉRMINO INDIZADO - PALABRAS CLAVES |
| Palabra clave |
Anemia ferropénica |
| 653 ## - TÉRMINO INDIZADO - PALABRAS CLAVES |
| Palabra clave |
Anemia megaloblástica |
| 653 ## - TÉRMINO INDIZADO - PALABRAS CLAVES |
| Palabra clave |
Anemias hemolíticas |
| 653 ## - TÉRMINO INDIZADO - PALABRAS CLAVES |
| Palabra clave |
Anemias secundarias y anemias sideroblásticas |
| 653 ## - TÉRMINO INDIZADO - PALABRAS CLAVES |
| Palabra clave |
Síndromes mielodisplásicos |
| 653 ## - TÉRMINO INDIZADO - PALABRAS CLAVES |
| Palabra clave |
Aplasia medular y eritoblastopenias |
| 653 ## - TÉRMINO INDIZADO - PALABRAS CLAVES |
| Palabra clave |
Alteraciones de los granulocitos |
| 653 ## - TÉRMINO INDIZADO - PALABRAS CLAVES |
| Palabra clave |
Quimioterapia |
| 653 ## - TÉRMINO INDIZADO - PALABRAS CLAVES |
| Palabra clave |
Síndromes mieloproliferativos |
| 653 ## - TÉRMINO INDIZADO - PALABRAS CLAVES |
| Palabra clave |
Leucemias agudas |
| 653 ## - TÉRMINO INDIZADO - PALABRAS CLAVES |
| Palabra clave |
Síndromes linfoproliferativos |
| 653 ## - TÉRMINO INDIZADO - PALABRAS CLAVES |
| Palabra clave |
Linfomas no Hodgkin |
| 653 ## - TÉRMINO INDIZADO - PALABRAS CLAVES |
| Palabra clave |
Linfomas de Hodgkin |
| 653 ## - TÉRMINO INDIZADO - PALABRAS CLAVES |
| Palabra clave |
Gammpatías monoclonales |
| 653 ## - TÉRMINO INDIZADO - PALABRAS CLAVES |
| Palabra clave |
Enfermedades del sistema mononuclear fagocíticos |
| 653 ## - TÉRMINO INDIZADO - PALABRAS CLAVES |
| Palabra clave |
Adenopatías y esplenomegalia |
| 653 ## - TÉRMINO INDIZADO - PALABRAS CLAVES |
| Palabra clave |
Trasplante de progenitores hematopoyéticos |
| 653 ## - TÉRMINO INDIZADO - PALABRAS CLAVES |
| Palabra clave |
Fisiopatología de la coagulación |
| 653 ## - TÉRMINO INDIZADO - PALABRAS CLAVES |
| Palabra clave |
Púrpuras |
| 653 ## - TÉRMINO INDIZADO - PALABRAS CLAVES |
| Palabra clave |
Hipocoagulabilidad |
| 653 ## - TÉRMINO INDIZADO - PALABRAS CLAVES |
| Palabra clave |
Diátesis trombótica |
| 653 ## - TÉRMINO INDIZADO - PALABRAS CLAVES |
| Palabra clave |
Terapéutica antitrombótica |
| 653 ## - TÉRMINO INDIZADO - PALABRAS CLAVES |
| Palabra clave |
Hemoterapia |
| 653 ## - TÉRMINO INDIZADO - PALABRAS CLAVES |
| Palabra clave |
Apéndice: valores normales de laboratorio |
| 700 1# - ENTRADAS SECUNDARIAS - NOMBRE PERSONAL |
| Nombre personal |
Sánchez-Guijo, Fermin M. |
| 9 (RLIN) |
723 |
| 930 ## - NUMERO DE INVENTARIO |
| Número de inventario |
2260 |
| 930 ## - NUMERO DE INVENTARIO |
| Número de inventario |
2261 |
| 942 ## - ADDED ENTRY ELEMENTS (KOHA) |
| Source of classification or shelving scheme |
Dewey Decimal Classification |
| Item type |
Libros |